[Event "2 Bundesliga Mitte 2006/2007"]
[Site "Fuerstenfeld"]
[Date "2007.04.01"]
[Round "11"]
[Board "2"]
[White "Wittmann, Walter"]
[Black "Vajda, Levente"]
[Result "0-1"]
[WhiteElo "2361"]
[BlackElo "2524"]
[PlyCount "64"]
[EventDate "2006.10.28"]
[EventType "team"]
[EventRounds "11"]
[EventCountry "AUT"]
[WhiteTeam "Union Styria Kleine Zeitung Graz 2"]
[BlackTeam "ZH Technologies Wolfsberg"]

1.e4 c5 2.Nf3 d6 3.d4 cxd4 4.Nxd4 Nf6 5.Nc3 a6 6.Bc4 e5 7.Nf3 Be6 8.Bb3 Be7
9.O-O O-O 10.Qe2 Nc6 11.Bg5 Nd7 12.Bxe7 Qxe7 13.Nd5 Qd8 14.Rfd1 Nc5 15.Rd2 Kh8
16.c3 f5 17.exf5 Bxf5 18.Ne3 Bg6 19.Rad1 Ne4 20.Rd5 Bh5 21.g4 Bf7 22.Nf5 Bxd5
23.Bxd5 Nf6 24.Bxc6 bxc6 25.Nxe5 d5 26.Nxc6 Qc7 27.Ncd4 Rae8 28.Ne6 Nxg4 29.Nxc7
Rxe2 30.Rxd5 g6 31.Nd4 Rexf2 32.Rd7 Ne3

[Event "2 Bundesliga Mitte 2006/2007"]
[Site "Fuerstenfeld"]
[Date "2007.04.01"]
[Round "11"]
[Board "3"]
[White "Vajda, Albert"]
[Black "Rogulj, Branko"]
[Result "1-0"]
[WhiteElo "2478"]
[BlackElo "2413"]
[PlyCount "70"]
[EventDate "2006.10.28"]
[EventType "team"]
[EventRounds "11"]
[EventCountry "AUT"]
[WhiteTeam "ZH Technologies Wolfsberg"]
[BlackTeam "Union Styria Kleine Zeitung Graz 2"]

1.e4 Nc6 2.Nf3 Nf6 3.e5 Nd5 4.Nc3 e6 5.d4 Nxc3 6.bxc3 d6 7.Bd3 Be7 8.h4 dxe5
9.dxe5 Qd5 10.Qe2 Bd7 11.a4 f5 12.exf6 Bxf6 13.O-O Bxc3 14.Be4 Qh5 15.Rb1 Bf6
16.Rxb7 Ne5 17.Rxc7 Rc8 18.Rxc8+ Bxc8 19.Qb5+ Kf7 20.Ng5+ Kg8 21.Bf4 h6 22.Qb8
Qe8 23.Bxe5 hxg5 24.Bxf6 gxf6 25.hxg5 f5 26.Bf3 Rh7 27.Rd1 Re7 28.Qe5 Rd7 29.Re1
Re7 30.a5 Qg6 31.Qc5 Qe8 32.Bd5 Kf7 33.Bb3 Kg6 34.Re3 Qd7 35.Qe5 Rf7

[Event "2 Bundesliga Mitte 2006/2007"]
[Site "Fuerstenfeld"]
[Date "2007.04.01"]
[Round "11"]
[Board "4"]
[White "Rohler, Siegfried"]
[Black "Schachinger, Mario"]
[Result "0-1"]
[WhiteElo "2243"]
[BlackElo "2277"]
[PlyCount "37"]
[EventDate "2006.10.28"]
[EventType "team"]
[EventRounds "11"]
[EventCountry "AUT"]
[WhiteTeam "Union Styria Kleine Zeitung Graz 2"]
[BlackTeam "ZH Technologies Wolfsberg"]

1.e4 e5 2.Nf3 Nc6 3.d4 exd4 4.Nxd4 Bc5 5.Be3 Qf6 6.c3 Nge7 7.Nd2 Nxd4 8.cxd4
Bxd4 9.Bxd4 Qxd4 10.Qc2 Nc6 11.Bc4 O-O 12.O-O-O d6 13.f4 Bg4 14.Rdf1 Qc5 15.Kb1
Nb4 16.Qc3 b5 17.a3 bxc4 18.axb4 Qb5 19.Qxc4

[Event "2 Bundesliga Mitte 2006/2007"]
[Site "Fuerstenfeld"]
[Date "2007.04.01"]
[Round "11"]
[Board "5"]
[White "Reichmann, Egon"]
[Black "Hatzl, Stefan"]
[Result "1/2-1/2"]
[WhiteElo "2336"]
[BlackElo "2159"]
[PlyCount "108"]
[EventDate "2006.10.28"]
[EventType "team"]
[EventRounds "11"]
[EventCountry "AUT"]
[WhiteTeam "ZH Technologies Wolfsberg"]
[BlackTeam "Union Styria Kleine Zeitung Graz 2"]

1.e4 c5 2.Nf3 e6 3.c3 Nf6 4.e5 Nd5 5.d4 cxd4 6.cxd4 d6 7.a3 b6 8.Bd3 Nd7 9.O-O
Bb7 10.Qe2 Rc8 11.Bd2 Be7 12.Nc3 Nxc3 13.Bxc3 O-O 14.Rfd1 Rc7 15.Rac1 dxe5
16.Nxe5 Nxe5 17.dxe5 Qa8 18.Qh5 Be4 19.Qg4 Bxd3 20.Rxd3 Rfc8 21.Rg3 g6 22.h4 Rc4
23.f4 Qe4 24.Rf1 Qf5 25.Qxf5 exf5 26.h5 Bxa3 27.hxg6 hxg6 28.e6 Bc5+ 29.Kh2 Bd4
30.Rd1 Bxc3 31.bxc3 R4c7 32.Rd6 Rc6 33.exf7+ Kxf7 34.Rd7+ Kf6 35.Rxa7 Rxc3
36.Rb7 Rh8+ 37.Rh3 Rhxh3+ 38.gxh3 Rb3 39.Rc7 b5 40.Rc6+ Kg7 41.Rc7+ Kh6 42.Kg2
Rb4 43.Rb7 Rxf4 44.Rxb5 Ra4 45.Rb3 Kh5 46.Kg3 g5 47.Rb8 f4+ 48.Kg2 Ra6 49.Rh8+
Kg6 50.Rf8 Re6 51.h4 Kh5 52.hxg5 Kg4 53.g6 Rxg6 54.Kf2 Ra6

[Event "2 Bundesliga Mitte 2006/2007"]
[Site "Fuerstenfeld"]
[Date "2007.04.01"]
[Round "11"]
[Board "6"]
[White "Frank, Paul"]
[Black "Waldmann, Gerald"]
[Result "1-0"]
[WhiteElo "2151"]
[BlackElo "2153"]
[PlyCount "51"]
[EventDate "2006.10.28"]
[EventType "team"]
[EventRounds "11"]
[EventCountry "AUT"]
[WhiteTeam "Union Styria Kleine Zeitung Graz 2"]
[BlackTeam "ZH Technologies Wolfsberg"]

1.d4 Nf6 2.Nf3 d5 3.g3 Bg4 4.Bg2 Nbd7 5.Ne5 Bh5 6.O-O e6 7.c4 c6 8.Nc3 Nxe5
9.dxe5 Nd7 10.cxd5 cxd5 11.Qa4 Be7 12.g4 Bg6 13.e4 Bxe4 14.Nxe4 dxe4 15.Rd1 a6
16.Qxe4 Rb8 17.Qa4 Qc7 18.Be3 b5 19.Qxa6 Nc5 20.Qc6+ Qxc6 21.Bxc6+ Kf8 22.Rac1
Na4 23.Bxb5 Nxb2 24.Rd2 Ba3 25.Bc5+ Bxc5 26.Rxc5

[Event "2 Bundesliga Mitte 2006/2007"]
[Site "Fuerstenfeld"]
[Date "2007.04.01"]
[Round "11"]
[Board "1"]
[White "Buhmann, Rainer"]
[Black "Horvath, Adam"]
[Result "1/2-1/2"]
[WhiteElo "2532"]
[BlackElo "2495"]
[PlyCount "87"]
[EventDate "2006.10.28"]
[EventType "team"]
[EventRounds "11"]
[EventCountry "AUT"]
[WhiteTeam "Maria Saal"]
[BlackTeam "Austria Graz"]

1.Nf3 Nf6 2.c4 e6 3.g3 d5 4.d4 dxc4 5.Bg2 a6 6.Ne5 c5 7.Be3 Nd5 8.dxc5 Nd7
9.Nxc4 Nxe3 10.Nxe3 Bxc5 11.Nc4 O-O 12.O-O Qc7 13.Nbd2 Rb8 14.Ne4 Bxf2+ 15.Rxf2
Qxc4 16.e3 Qb4 17.Rc1 f5 18.Nd6 Nf6 19.a3 Qb6 20.Qd4 Qxd4 21.exd4 b6 22.Rfc2 Bd7
23.Rc7 Rfd8 24.Ra7 Bb5 25.Nxb5 axb5 26.Rcc7 Ne8 27.Re7 Rbc8 28.Bf1 Rxd4 29.Bxb5
Rd1+ 30.Kf2 Nf6 31.Rxg7+ Kh8 32.Rgf7 Ng4+ 33.Ke2 Rb1 34.Rxh7+ Kg8 35.Rag7+ Kf8
36.Rf7+ Kg8 37.Rfg7+ Kf8 38.Rxg4 Rxb2+ 39.Kd3 Rb3+ 40.Kd4 Rc5 41.Rh8+ Ke7
42.Rh7+ Kf8 43.Rh8+ Ke7 44.Rh7+

[Event "2 Bundesliga Mitte 2006/2007"]
[Site "Fuerstenfeld"]
[Date "2007.04.01"]
[Round "11"]
[Board "2"]
[White "Paehtz, Thomas"]
[Black "Horvath, Gabor"]
[Result "1/2-1/2"]
[WhiteElo "2420"]
[BlackElo "2273"]
[PlyCount "93"]
[EventDate "2006.10.28"]
[EventType "team"]
[EventRounds "11"]
[EventCountry "AUT"]
[WhiteTeam "Austria Graz"]
[BlackTeam "Maria Saal"]

1.c4 g6 2.Nc3 Bg7 3.g3 d6 4.d4 Nf6 5.Bg2 O-O 6.e3 Nbd7 7.Nge2 e5 8.b3 Re8 9.a4
a5 10.h3 Nf8 11.Ra2 exd4 12.exd4 h5 13.O-O Bf5 14.Kh2 Ne4 15.Nd5 c6 16.Ne3 Bc8
17.f3 Nf6 18.Qd3 Ne6 19.f4 Nc7 20.f5 g5 21.Nc2 d5 22.Nc3 Bh6 23.Kg1 Kh7 24.Ra1
Na6 25.Ba3 Bf8 26.Bxf8 Rxf8 27.cxd5 cxd5 28.Rae1 Nb4 29.Nxb4 axb4 30.Nb5 Bd7
31.Re5 Qb6 32.Rd1 Ra5 33.Qd2 Bxb5 34.Qxb4 Qd8 35.axb5 Ra2 36.b6 Ra6 37.Qd2 Rxb6
38.b4 Qd6 39.Rb1 Re8 40.Rxe8 Nxe8 41.Qxg5 Nf6 42.b5 Qe7 43.Rb3 Qe1+ 44.Kh2 Qe7
45.Qf4 Ne4 46.Re3 Qf6 47.Bxe4

[Event "2 Bundesliga Mitte 2006/2007"]
[Site "Fuerstenfeld"]
[Date "2007.04.01"]
[Round "11"]
[Board "3"]
[White "Reschun, Sascha"]
[Black "Kotz, Heinz Peter"]
[Result "1/2-1/2"]
[WhiteElo "2234"]
[BlackElo "2355"]
[PlyCount "29"]
[EventDate "2006.10.28"]
[EventType "team"]
[EventRounds "11"]
[EventCountry "AUT"]
[WhiteTeam "Maria Saal"]
[BlackTeam "Austria Graz"]

1.e4 e5 2.Nf3 Nc6 3.d4 exd4 4.Nxd4 Nf6 5.Nc3 Bb4 6.Nxc6 bxc6 7.Bd3 O-O 8.O-O d5
9.exd5 cxd5 10.Bg5 c6 11.Qf3 Be7 12.Rfe1 Be6 13.Ne2 h6 14.Bh4 Nd7 15.Bxe7

[Event "2 Bundesliga Mitte 2006/2007"]
[Site "Fuerstenfeld"]
[Date "2007.04.01"]
[Round "11"]
[Board "4"]
[White "Fahrner, Kurt"]
[Black "Ertl, Johann"]
[Result "1/2-1/2"]
[WhiteElo "2346"]
[BlackElo "2217"]
[PlyCount "69"]
[EventDate "2006.10.28"]
[EventType "team"]
[EventRounds "11"]
[EventCountry "AUT"]
[WhiteTeam "Austria Graz"]
[BlackTeam "Maria Saal"]

1.d4 Nf6 2.c4 g6 3.Nc3 Bg7 4.Bg5 O-O 5.e3 c5 6.d5 d6 7.Bd3 a6 8.a4 h6 9.Bh4 e6
10.Nge2 exd5 11.cxd5 Nbd7 12.O-O Ne5 13.Bc2 Rb8 14.Rb1 Qa5 15.Qe1 Qb4 16.Bxf6
Bxf6 17.Ne4 Be7 18.Qxb4 cxb4 19.Nd4 Bd7 20.h3 Rfc8 21.b3 Bf5 22.g4 Bxe4 23.Bxe4
Bf6 24.Nc2 Rxc2 25.Bxc2 Nf3+ 26.Kg2 Nd2 27.Bd3 Nxb1 28.Rxb1 Rc8 29.Kf3 Kg7
30.Ke4 Rc3 31.Bc4 Bh4 32.Rb2 Bf6 33.Rb1 Bh4 34.Rb2 Bf6 35.Rb1

[Event "2 Bundesliga Mitte 2006/2007"]
[Site "Fuerstenfeld"]
[Date "2007.04.01"]
[Round "11"]
[Board "5"]
[White "Lako, Laszlo"]
[Black "Aschenbrenner, Robert"]
[Result "0-1"]
[WhiteElo "2179"]
[BlackElo "2280"]
[PlyCount "110"]
[EventDate "2006.10.28"]
[EventType "team"]
[EventRounds "11"]
[EventCountry "AUT"]
[WhiteTeam "Maria Saal"]
[BlackTeam "Austria Graz"]

1.d4 Nf6 2.c4 c5 3.d5 a6 4.Nc3 b5 5.cxb5 axb5 6.Nxb5 Qa5+ 7.Nc3 Bb7 8.Bd2 Qb6
9.e4 e6 10.Nf3 exd5 11.exd5 Nxd5 12.Bc4 Qe6+ 13.Qe2 Nxc3 14.Bxc3 d5 15.Bb5+ Kd8
16.Be5 f6 17.Bc7+ Ke7 18.Bb6 Qxe2+ 19.Kxe2 Nd7 20.Bc7 Rc8 21.Ba5 Ne5 22.Rhe1 d4
23.Nxe5 fxe5 24.f3 Bd5 25.b3 Kf6 26.Rec1 Bd6 27.Bc4 Bb7 28.Bd2 Rhe8 29.Bd3 e4
30.fxe4 Bxe4 31.Rf1+ Kg6 32.Bxe4+ Rxe4+ 33.Kf3 Re7 34.Rae1 Rf8+ 35.Kg4 Rxf1
36.Rxf1 Re2 37.Bf4 Bxf4 38.Rxf4 Rxg2+ 39.Kh3 Rxa2 40.b4 cxb4 41.Rxd4 Rb2 42.Kg3
b3 43.Rb4 h6 44.Rb5 Kf6 45.Rb7 Rb1 46.Kg2 Ke5 47.Rxg7 Rc1 48.Rb7 Rc2+ 49.Kg3 b2
50.h4 h5 51.Rb8 Ke4 52.Rb7 Ke3 53.Rb3+ Kd2 54.Kf4 Rc4+ 55.Kg5 Rc5+

[Event "2 Bundesliga Mitte 2006/2007"]
[Site "Fuerstenfeld"]
[Date "2007.04.01"]
[Round "11"]
[Board "6"]
[White "Kastner, Walter"]
[Black "Steiner, Josef"]
[Result "0-1"]
[WhiteElo "2239"]
[BlackElo "2120"]
[PlyCount "130"]
[EventDate "2006.10.28"]
[EventType "team"]
[EventRounds "11"]
[EventCountry "AUT"]
[WhiteTeam "Austria Graz"]
[BlackTeam "Maria Saal"]

1.e4 d5 2.exd5 Nf6 3.d4 Nxd5 4.Nf3 e6 5.Be2 c5 6.O-O Nc6 7.a3 cxd4 8.Nxd4 Bd7
9.c4 Nf6 10.Bf3 Qb6 11.Nb5 Ne5 12.Be3 Nxf3+ 13.Qxf3 Bc5 14.Qg3 O-O 15.Bh6 Ne8
16.b4 Be7 17.Be3 Qc6 18.Nd2 a6 19.Nd4 Qc7 20.Bf4 Qc8 21.c5 f6 22.Qb3 Kh8 23.Bg3
e5 24.Nc2 Be6 25.Qb2 g5 26.Ne3 Ng7 27.Nec4 Bxc4 28.Nxc4 Qg4 29.Ne3 Qe4 30.Rad1
Rad8 31.Qc3 Ne6 32.f3 Nd4 33.Rde1 Qg6 34.a4 a5 35.Nc4 axb4 36.Qxb4 Nc2 37.Qxb7
Bxc5+ 38.Kh1 Nxe1 39.Rxe1 Bd4 40.a5 Rb8 41.Qe7 Rfe8 42.Qd7 Bc3 43.Rg1 Rbd8
44.Qc6 Rc8 45.Qa6 Qf7 46.Nb6 Rc5 47.Bf2 Rxa5 48.Qd3 Bb4 49.Rd1 Bc5 50.Nc4 Ra4
51.Nd6 Bxd6 52.Qxd6 Raa8 53.Qb6 Re6 54.Qb3 Kg7 55.h3 Rae8 56.Kh2 f5 57.Qe3 h6
58.h4 f4 59.Qe4 Qg6 60.Qb4 g4 61.Rd7+ Kg8 62.fxg4 Qxg4 63.Qe4 Rg6 64.Bd4 f3
65.Qd5+ Qe6

[Event "2 Bundesliga Mitte 2006/2007"]
[Site "Fuerstenfeld"]
[Date "2007.04.01"]
[Round "11"]
[Board "1"]
[White "Zaja, Ivan"]
[Black "Neubauer, Martin"]
[Result "1/2-1/2"]
[WhiteElo "2445"]
[BlackElo "2480"]
[PlyCount "183"]
[EventDate "2006.10.28"]
[EventType "team"]
[EventRounds "11"]
[EventCountry "AUT"]
[WhiteTeam "SG Alpine Raika Trofaiach Niklasdorf"]
[BlackTeam "ASVOe Raika StVeit/Glan"]

1.d4 Nf6 2.c4 g6 3.Nc3 d5 4.cxd5 Nxd5 5.e4 Nxc3 6.bxc3 Bg7 7.Nf3 c5 8.Rb1 O-O
9.Be2 cxd4 10.cxd4 Qa5+ 11.Bd2 Qxa2 12.O-O Bg4 13.Bg5 h6 14.Be3 Nc6 15.d5 Bxf3
16.Bxf3 Ne5 17.Rxb7 a5 18.Rxe7 a4 19.Bd4 Nxf3+ 20.gxf3 Bxd4 21.Qxd4 a3 22.d6 Qb2
23.Qxb2 axb2 24.Rc7 Rfb8 25.d7 Kg7 26.Kg2 b1=Q 27.Rxb1 Rxb1 28.Rc8 Rd1 29.Rxa8
Rxd7 30.Ra5 Rd1 31.f4 Re1 32.f3 Kf6 33.h4 h5 34.f5 Kg7 35.fxg6 Kxg6 36.Rg5+ Kh6
37.e5 Ra1 38.Rf5 Kg6 39.Rf6+ Kg7 40.Kg3 Ra4 41.Rf4 Ra1 42.Rf5 Kg6 43.Rf6+ Kg7
44.Kf4 Rg1 45.Rb6 Rg2 46.Kf5 Rg3 47.Rb3 Kg8 48.Kf4 Rg1 49.Rb2 Kg7 50.Rb6 Rg2
51.Rf6 Rg1 52.Ke4 Rh1 53.Rf4 Kg6 54.Kd5 Rd1+ 55.Kc5 Rd3 56.Rf6+ Kg7 57.Rf5 Kg6
58.Rg5+ Kh6 59.f4 Rh3 60.Kd6 Rxh4 61.Rf5 Rh1 62.Rf6+ Kg7 63.Ke7 h4 64.Rxf7+ Kh6
65.Rf8 Kh7 66.Rf5 Kh6 67.Rf6+ Kh7 68.Rf7+ Kh6 69.Rf8 Kh7 70.Rc8 Rf1 71.Rc4 Kg6
72.Ke6 h3 73.Rc3 Rxf4 74.Rxh3 Kg7 75.Rc3 Re4 76.Rc7+ Kf8 77.Rc8+ Kg7 78.Rd8 Re1
79.Rd4 Kf8 80.Rd8+ Kg7 81.Kd6 Kf7 82.Rd7+ Ke8 83.Ra7 Kf8 84.Ke6 Re2 85.Rf7+ Ke8
86.Rh7 Kf8 87.Rh8+ Kg7 88.Re8 Ra2 89.Rd8 Re2 90.Rd5 Kf8 91.Kd6 Kf7 92.Rd4

[Event "2 Bundesliga Mitte 2006/2007"]
[Site "Fuerstenfeld"]
[Date "2007.04.01"]
[Round "11"]
[Board "2"]
[White "Rogic, Davor"]
[Black "Bukal, Vladimir Jun"]
[Result "1/2-1/2"]
[WhiteElo "2494"]
[BlackElo "2407"]
[PlyCount "65"]
[EventDate "2006.10.28"]
[EventType "team"]
[EventRounds "11"]
[EventCountry "AUT"]
[WhiteTeam "ASVOe Raika StVeit/Glan"]
[BlackTeam "SG Alpine Raika Trofaiach Niklasdorf"]

1.e4 e6 2.d4 d5 3.Nd2 Be7 4.Bd3 c5 5.dxc5 Nd7 6.exd5 exd5 7.Nb3 Nxc5 8.Nxc5 Bxc5
9.Nf3 Ne7 10.O-O O-O 11.c3 Nc6 12.Bc2 Qd6 13.Re1 Bd7 14.Be3 Rfe8 15.Bxc5 Rxe1+
16.Qxe1 Qxc5 17.h3 Re8 18.Qd2 Ne5 19.Nxe5 Rxe5 20.Bb3 Bc6 21.Re1 Qe7 22.Rxe5
Qxe5 23.f3 h5 24.h4 Kf8 25.Kf2 b6 26.Qe3 f6 27.Bc2 Kf7 28.b4 Bd7 29.Qd2 Bf5
30.Bxf5 Qxf5 31.a4 Qe5 32.Qd3 Ke6 33.g3

[Event "2 Bundesliga Mitte 2006/2007"]
[Site "Fuerstenfeld"]
[Date "2007.04.01"]
[Round "11"]
[Board "3"]
[White "Bukal, Vladimir"]
[Black "Jurkovic, Hryoje"]
[Result "1/2-1/2"]
[WhiteElo "2414"]
[BlackElo "2438"]
[PlyCount "22"]
[EventDate "2006.10.28"]
[EventType "team"]
[EventRounds "11"]
[EventCountry "AUT"]
[WhiteTeam "SG Alpine Raika Trofaiach Niklasdorf"]
[BlackTeam "ASVOe Raika StVeit/Glan"]

1.c4 e5 2.Nc3 Nc6 3.g3 g6 4.Bg2 Bg7 5.e3 d6 6.Nge2 Nf6 7.d4 O-O 8.h3 Bd7 9.O-O
a6 10.b3 Rb8 11.a4 Re8

[Event "2 Bundesliga Mitte 2006/2007"]
[Site "Fuerstenfeld"]
[Date "2007.04.01"]
[Round "11"]
[Board "4"]
[White "Mazi, Leon"]
[Black "Stuhlik, Marko"]
[Result "1/2-1/2"]
[WhiteElo "2350"]
[BlackElo "2229"]
[PlyCount "27"]
[EventDate "2006.10.28"]
[EventType "team"]
[EventRounds "11"]
[EventCountry "AUT"]
[WhiteTeam "ASVOe Raika StVeit/Glan"]
[BlackTeam "SG Alpine Raika Trofaiach Niklasdorf"]

1.e4 d6 2.d4 Nf6 3.Nc3 c6 4.Be3 Qa5 5.Qd2 e5 6.Nge2 b5 7.f3 Nbd7 8.Nc1 b4 9.Nd1
d5 10.dxe5 Nxe5 11.exd5 Nxd5 12.Bd4 Bd6 13.Nf2 Bf5 14.Nfd3

[Event "2 Bundesliga Mitte 2006/2007"]
[Site "Fuerstenfeld"]
[Date "2007.04.01"]
[Round "11"]
[Board "5"]
[White "Mitter, Gerd"]
[Black "Hebesberger, Thomas"]
[Result "0-1"]
[WhiteElo "2194"]
[BlackElo "2333"]
[PlyCount "134"]
[EventDate "2006.10.28"]
[EventType "team"]
[EventRounds "11"]
[EventCountry "AUT"]
[WhiteTeam "SG Alpine Raika Trofaiach Niklasdorf"]
[BlackTeam "ASVOe Raika StVeit/Glan"]

1.Nf3 Nf6 2.c4 c6 3.g3 d5 4.Bg2 Bf5 5.O-O Nbd7 6.d4 e6 7.Nbd2 Bd6 8.b3 Qe7 9.a3
h6 10.Bb2 Ne4 11.Ne5 Nxd2 12.Qxd2 O-O 13.Nd3 Rad8 14.f3 e5 15.cxd5 cxd5 16.dxe5
Nxe5 17.Nf4 Bc5+ 18.Kh1 d4 19.Rfd1 Rfe8 20.Nd3 Nxd3 21.exd3 Qe2 22.Rac1 Bb6
23.Rc2 Bxd3 24.Qxd3 Qxd3 25.Rxd3 Re1+ 26.Bf1 Rxf1+ 27.Kg2 Rb1 28.b4 Re1 29.Rcd2
Re5 30.a4 a6 31.f4 Red5 32.Kf3 f5 33.Rc2 Kf7 34.h3 g6 35.g4 R5d6 36.a5 Ba7
37.gxf5 gxf5 38.Rcd2 R8d7 39.Re2 Re6 40.Rc2 Rc6 41.Rcd2 Rc4 42.Rb3 Rd5 43.Ke2
Rb5 44.Ba3 Bb8 45.Kd3 Rc6 46.Rf2 Re6 47.Bc1 Re4 48.Bd2 Bd6 49.Rb1 Ke6 50.Rg2
Bxf4 51.Bxf4 Rxf4 52.Rg6+ Ke5 53.Rxh6 Rf3+ 54.Kd2 f4 55.Rg1 Rg3 56.Re1+ Re3
57.Rh5+ Ke4 58.Rxb5 axb5 59.Rc1 f3 60.Rc7 f2 61.Re7+ Kf3 62.Rxb7 Kg2 63.Rg7+ Rg3
64.Rf7 Rf3 65.Rxf3 Kxf3 66.Kd3 f1=Q+ 67.Kd2 Qf2+

[Event "2 Bundesliga Mitte 2006/2007"]
[Site "Fuerstenfeld"]
[Date "2007.04.01"]
[Round "11"]
[Board "6"]
[White "Kuess, Mario"]
[Black "Spirk, Stefan"]
[Result "1-0"]
[WhiteElo "2138"]
[BlackElo "2125"]
[PlyCount "69"]
[EventDate "2006.10.28"]
[EventType "team"]
[EventRounds "11"]
[EventCountry "AUT"]
[WhiteTeam "ASVOe Raika StVeit/Glan"]
[BlackTeam "SG Alpine Raika Trofaiach Niklasdorf"]

1.f4 d5 2.Nf3 Nf6 3.e3 Bg4 4.Be2 Bxf3 5.Bxf3 c6 6.O-O Nbd7 7.d4 e6 8.Nd2 Bd6
9.g3 Qc7 10.Bg2 O-O-O 11.c4 Kb8 12.c5 Be7 13.b4 h5 14.Rb1 Ng4 15.Qe2 f5 16.h3
Ngf6 17.b5 Ne4 18.Nxe4 dxe4 19.Bd2 Nf6 20.Rb2 Rd7 21.Rfb1 Ka8 22.a4 Nd5 23.b6
Qb8 24.bxa7 Qxa7 25.a5 h4 26.a6 hxg3 27.Rxb7 Rxb7 28.Rxb7 Bxc5 29.Rxa7+ Bxa7
30.Qc4 Rc8 31.Bf1 g5 32.fxg5 e5 33.Bg2 exd4 34.exd4 e3 35.Be1

[Event "2 Bundesliga Mitte 2006/2007"]
[Site "Fuerstenfeld"]
[Date "2007.04.01"]
[Round "11"]
[Board "1"]
[White "Testor, Sebastian"]
[Black "Fogarasi, Tibor"]
[Result "0-1"]
[WhiteElo "2233"]
[BlackElo "2435"]
[PlyCount "80"]
[EventDate "2006.10.28"]
[EventType "team"]
[EventRounds "11"]
[EventCountry "AUT"]
[WhiteTeam "Sauwald"]
[BlackTeam "Fuerstenfeld"]

1.d4 Nf6 2.c4 c5 3.d5 b5 4.cxb5 a6 5.b6 Qxb6 6.Nc3 d6 7.e4 g6 8.Nf3 Nbd7 9.Nd2
Bg7 10.Nc4 Qd8 11.Bf4 O-O 12.Be2 Nb6 13.Ne3 a5 14.O-O a4 15.a3 Ba6 16.Bxa6 Rxa6
17.Re1 Ra8 18.h3 Nfd7 19.Qe2 Qc8 20.Bg5 Re8 21.f4 Bd4 22.Kh2 Qa6 23.Qxa6 Rxa6
24.Nb5 Ra5 25.Nxd4 cxd4 26.Nc2 f6 27.Bh4 d3 28.Nd4 Nc4 29.b4 axb3 30.Nxb3 Rb5
31.Rec1 Ne3 32.Rc3 Reb8 33.Nd4 Rb2 34.Rg1 Nc5 35.e5 Nxd5 36.Rcc1 Kf7 37.exf6
exf6 38.Nc6 d2 39.Rcd1 Rc8 40.Nb4 Ne3

[Event "2 Bundesliga Mitte 2006/2007"]
[Site "Fuerstenfeld"]
[Date "2007.04.01"]
[Round "11"]
[Board "2"]
[White "Kuba, Guenter"]
[Black "Lautner, Josef"]
[Result "0-1"]
[WhiteElo "2391"]
[BlackElo "2262"]
[PlyCount "50"]
[EventDate "2006.10.28"]
[EventType "team"]
[EventRounds "11"]
[EventCountry "AUT"]
[WhiteTeam "Fuerstenfeld"]
[BlackTeam "Sauwald"]

1.e4 g6 2.d4 c6 3.Nc3 d5 4.h3 Bg7 5.Nf3 Nh6 6.Bf4 f6 7.Qd2 Nf7 8.e5 O-O 9.O-O-O
b6 10.g4 Na6 11.Re1 Nc7 12.Kb1 Ne6 13.Bg3 Bh6 14.Qd1 Nf4 15.Bd3 c5 16.Bxf4 Bxf4
17.Nxd5 Qxd5 18.Be4 Qc4 19.Bxa8 fxe5 20.dxc5 Rd8 21.Qe2 Qxe2 22.Rxe2 Ba6 23.Ree1
Rxa8 24.Rhg1 Bb7 25.Nh4 Ng5

[Event "2 Bundesliga Mitte 2006/2007"]
[Site "Fuerstenfeld"]
[Date "2007.04.01"]
[Round "11"]
[Board "3"]
[White "Heyne, Martin"]
[Black "Kilgus, Georg"]
[Result "1-0"]
[WhiteElo "2204"]
[BlackElo "2360"]
[PlyCount "95"]
[EventDate "2006.10.28"]
[EventType "team"]
[EventRounds "11"]
[EventCountry "AUT"]
[WhiteTeam "Sauwald"]
[BlackTeam "Fuerstenfeld"]

1.e4 c5 2.Nf3 d6 3.c3 Nf6 4.Be2 Bd7 5.e5 dxe5 6.Nxe5 Nc6 7.Nxc6 Bxc6 8.Bf3 Bxf3
9.Qxf3 Qd5 10.Qxd5 Nxd5 11.d3 O-O-O 12.Ke2 e5 13.Rd1 Be7 14.c4 Nc7 15.Nc3 a6
16.Be3 b6 17.Rab1 Kb7 18.a3 f5 19.f3 h5 20.b4 cxb4 21.axb4 b5 22.g3 Rd7 23.cxb5
axb5 24.d4 Bf6 25.dxe5 Rxd1 26.Rxd1 Bxe5 27.Nd5 Rd8 28.Ne7 Rxd1 29.Kxd1 f4
30.Bxf4 Bxf4 31.gxf4 Ne6 32.Nf5 g6 33.Ne7 Nxf4 34.Kd2 Kc7 35.Ke3 g5 36.Ke4 Nh3
37.Nf5 Nf2+ 38.Ke3 Nh3 39.Nd4 Kd6 40.Nxb5+ Kd5 41.Nc3+ Kc4 42.b5 Kc5 43.Ke4 Ng1
44.f4 g4 45.f5 Nh3 46.f6 Ng5+ 47.Kf5 Nh7 48.f7

[Event "2 Bundesliga Mitte 2006/2007"]
[Site "Fuerstenfeld"]
[Date "2007.04.01"]
[Round "11"]
[Board "4"]
[White "Frosch, Erich"]
[Black "Niederwieser, Peter"]
[Result "1/2-1/2"]
[WhiteElo "2320"]
[BlackElo "2162"]
[PlyCount "115"]
[EventDate "2006.10.28"]
[EventType "team"]
[EventRounds "11"]
[EventCountry "AUT"]
[WhiteTeam "Fuerstenfeld"]
[BlackTeam "Sauwald"]

1.d4 d5 2.Nf3 Nc6 3.g3 Bg4 4.Bg2 e6 5.O-O Nf6 6.c3 Bd6 7.Bg5 h6 8.Bxf6 Qxf6
9.Nbd2 O-O-O 10.e4 dxe4 11.Nxe4 Qf5 12.Qd3 Be7 13.Nfd2 Bh3 14.f4 Bxg2 15.Kxg2
Kb8 16.Nf2 Qxd3 17.Nxd3 Nxd4 18.Ne5 Nf5 19.Ndc4 Rhf8 20.a4 Kc8 21.Rfe1 Bd6
22.Nf3 h5 23.Re2 Be7 24.h3 Bf6 25.Rae1 Nd6 26.Ncd2 g6 27.g4 hxg4 28.hxg4 Rh8
29.Rh1 Rxh1 30.Kxh1 Rg8 31.Ne4 Nxe4 32.Rxe4 Rd8 33.Kg2 Rd1 34.Kf2 Rb1 35.Re2 Ra1
36.g5 Bg7 37.Kg3 Kd7 38.Re4 a5 39.Ne1 b6 40.Kf3 Ra2 41.Nd3 Kd6 42.Ke3 Kd5 43.Kf3
c5 44.Re2 c4 45.Nf2 Rxa4 46.Rd2+ Kc6 47.Rd8 Ra2 48.Rg8 Rxb2 49.Rxg7 a4 50.Rxf7
a3 51.Ra7 a2 52.Ng4 b5 53.Ne5+ Kb6 54.Ra8 Kb7 55.Ra5 Kb6 56.Ra8 Kb7 57.Ra5 Kb6
58.Ra8

[Event "2 Bundesliga Mitte 2006/2007"]
[Site "Fuerstenfeld"]
[Date "2007.04.01"]
[Round "11"]
[Board "6"]
[White "Stuetz, Leopold"]
[Black "Woesner, Richard"]
[Result "1-0"]
[WhiteElo "2187"]
[BlackElo "1986"]
[PlyCount "73"]
[EventDate "2006.10.28"]
[EventType "team"]
[EventRounds "11"]
[EventCountry "AUT"]
[WhiteTeam "Fuerstenfeld"]
[BlackTeam "Sauwald"]

1.d4 d5 2.c4 e6 3.Nc3 Nf6 4.cxd5 exd5 5.Bg5 Be7 6.Qc2 c6 7.e3 Bg4 8.Bd3 Bh5
9.Nge2 Bg6 10.Ng3 Nbd7 11.Nf5 Bxf5 12.Bxf5 h6 13.Bh4 Nh5 14.Bxe7 Qxe7 15.O-O g6
16.Bxd7+ Qxd7 17.e4 O-O 18.e5 Qg4 19.Rad1 Nf4 20.f3 Qg5 21.Kh1 Rfe8 22.g3 Ne6
23.f4 Qg4 24.Qg2 Ng7 25.h3 Qd7 26.g4 b5 27.f5 Rad8 28.fxg6 fxg6 29.Rf6 Re6
30.Qc2 Qe8 31.Rdf1 Rd7 32.Ne2 Rde7 33.Nf4 Rxf6 34.exf6 Re3 35.fxg7 g5 36.Nh5
Rxh3+ 37.Kg2